Lista de especies para Colombia de las familias Melastomataceae y Memecylaceae (Registro nro. 5413)
[ vista simple ]
| 000 -CABECERA | |
|---|---|
| Campo de control | 01223nam a2200229 a 4500 |
| 005 - FECHA Y HORA DE LA ULTIMA TRANSACCION | |
| Campo de control | 20180803165253.0 |
| 008 - ELEMENTOS DE LONGITUD FIJA—INFORMACION GENERAL | |
| Campo de control | 140127b2005 ck ||||| |||| 00| 0 spa d |
| 040 ## - FUENTE DE CATALOGACIÓN | |
| Agencia transcriptora | CO-BoIH |
| 041 ## - IDIOMA | |
| Código de idioma para texto/pista de sonido o título separado | Español |
| 044 ## - PAÍS DE PUBLICACIÓN | |
| País de publicación | Colombia |
| 090 ## - CLASIFICACIÓN LOCAL | |
| Colección | IAVH |
| Consecutivo | 00562 |
| 100 ## - ASIENTO PRINCIPAL--NOMBRE PERSONAL | |
| Nombre personal | Mendoza Cifuentes, Humberto |
| 245 ## - MENCION DE TITULO | |
| Título | Lista de especies para Colombia de las familias Melastomataceae y Memecylaceae |
| 260 ## - PUBLICACION, DISTRIBUCION, ETC. (PIE DE IMPRENTA) | |
| Lugar de publicación, distribución, etc. | Bogotá |
| Nombre del editor, distribuidor, etc. | Instituto Alexander von Humboldt |
| -- | Universidad del Cauca |
| Fecha de publicación, distribución, etc. | 2005 |
| 300 ## - DESCRIPCION FISICA | |
| Extensión | 24 p. |
| 520 ## - NOTA DE RESUMEN, ETC. | |
| Nota de resumen | Plantas. Herramienta para abordar el inventario nacional en Melastomataceae en Colombia. Incluye de las Melastomataceae: las tribus en Colombia, su diagnóstico, particularidades, recomendaciones para su reconocimiento, claves para géneros y géneros. En lo que se relaciona con el inventario, las analiza como indicadoras de patrones y presenta una propuesta para inventariarlas. De las Memecylaceae presenta el diagnóstico general, sus particularidades, claves para géneros y géneros. Al final presenta un glosario de referencias, tamaños, formas y geográficas |
| 650 ## - ASIENTO SECUNDARIO DE MATERIA - TERMINO TEMATICO | |
| Término temático o nombre geográfico como elemento de entrada | Plantas |
| 662 ## - ASIENTO SECUNDARIO DE MATERIA - JERARQUIA DEL NOMBRE DE LUGAR( | |
| País o entidad mayor | Colombia |
| 700 ## - ASIENTO SECUNDARIO - NOMBRE PERSONAL | |
| Nombre personal | Ramirez Padilla, Bernardo |
| 942 ## - ELEMENTOS ADICIONALES (KOHA) | |
| Sistema de clasificación | Local |
| Tipo de ítem | Informe Técnico |
| 945 ## - PROCESAMIENTO LOCAL | |
| AAAA-MM-DD - Fecha de ingreso o modificacion | 2006-12-05 |
| Withdrawn status | Lost status | Sistema de Clasificación | Damaged status | No para préstamo | Colección | Inventariado | Ubicación Permanente | Ubicación actual | Fecha de adquisición | Total Checkouts | Número topográfico | Inventario / Código de Barras | Date last seen | Ejemplar | Price effective from | Forma de adquisición | Tipo de material |
|---|---|---|---|---|---|---|---|---|---|---|---|---|---|---|---|---|---|
| Local | Humboldt | Inventariado 2017 | Bogotá | Bogotá | 05/12/2006 | IAVH-00562 | 023828 | 09/08/2024 | Ej. 1 | 04/12/2012 | Informe Técnico |